| 000 | 00757cam a2200253 i 4500 | ||
|---|---|---|---|
| 005 | 20260322212100.0 | ||
| 008 | data | ||
| 010 | _a 77004896 | ||
| 020 |
_a0448226774 : _c{dollar}10.95 |
||
| 020 |
_a9780448226774 : _c{dollar}10.95 |
||
| 040 |
_aDLC _cDLC _dDLC |
||
| 043 | _af-sa--- | ||
| 050 | 0 | 0 |
_aQL737.C23 _bM3 |
| 082 | 0 | 0 | _a599/.74428 |
| 092 | _a599 M3 1977 | ||
| 100 | 1 |
_aMcBride, Chris, _d1941- |
|
| 245 | 1 | 4 |
_aThe white lions of Timbavati / _cChris McBride. |
| 260 |
_aNew York : _bPaddington Press : distributed by Grosset & Dunlop, _cc1977. |
||
| 300 |
_a220 p. : _bill. ; _c26 cm. |
||
| 650 | 0 | _aLions. | |
| 650 | 0 |
_aMammals _zTimbavati Game Reserve. _zTimbavati Game Reserve. |
|
| 651 | 0 | _aTimbavati Game Reserve (South Africa) | |
| 001 | data | ||
| 999 |
_c1436 _d1436 |
||